Opus cinématographiques 14 - Fast and Furious - Statistiques

Statistiques générales
  • Ce quiz a été pris 1 335 fois
    1 176 depuis la dernière actualisation
  • Le résultat moyen est 9 sur 10
Statistiques - réponses
Date de sortie Titre % Correct
2001 Fast and Furious
97%
2006 Fast and Furious - Tokyo Drift
94%
2011 Fast and Furious 5
88%
2009 Fast and Furious 4
87%
2013 Fast and Furious 6
87%
2015 Fast and Furious 7
87%
2017 Fast and Furious 8
87%
2021 Fast and Furious 9
85%
2019 Fast and Furious - Hobbs and Shaw
83%
2003 2 Fast 2 Furious
81%
Aucun quiz correspondant
Distribution des résultats
% des personnes avec chaque résultat
Percentile par nombre de réponses
Votre historique - résultats
Vous n’avez pas pris ce quiz depuis la dernière actualisation